KOHA-Header-6

Object Perception,Structure & Process (Record no. 6740)

000 -LEADER
fixed length control field 00271nam a2200109Ia 4500
100 ## - MAIN ENTRY--AUTHOR NAME
Personal name Shepp, Ballesteros
245 #0 - TITLE STATEMENT
Title Object Perception,Structure & Process
260 ## - PUBLICATION, DISTRIBUTION, ETC. (IMPRINT)
Place of publication New York
Name of publisher CRC
Year of publication 1989
300 ## - PHYSICAL DESCRIPTION
Number of Pages 431
942 ## - ADDED ENTRY ELEMENTS (KOHA)
Koha item type Books
Holdings
Withdrawn status Lost status Collection code Permanent Location Current Location Shelving location Date acquired Full call number Accession Number Koha item type
    Computer Science MAJU MAJU   2019-09-11 006.3 160 Computer Science

Powered by Koha